| 000 | 00966cam a2200157ua 4500 | ||
|---|---|---|---|
| 041 |
_aeng _h |
||
| 082 |
_a667.66 _bIND/CO |
||
| 110 | 1 |
_aIndian Standards Institution . _b _c(New Delhi ) |
|
| 245 |
_aCode of practice for painting asbestos cement building products, IS 3140-1965 / _cIndian Standards Institution. _hTextual Documents |
||
| 250 |
_a1 / _b. |
||
| 260 |
_aNew Delhi : _bIndian Standards Institution , _c1981. |
||
| 300 | _a7 ; . | ||
| 504 | _a | ||
| 942 | _cBK | ||
| 999 |
_c7697 _d7697 |
||